| 000 | 00358nam a2200145Ia 4500 | ||
|---|---|---|---|
| 008 | 240624s9999 xx 000 0 und d | ||
| 041 | _aeng | ||
| 082 | _a128 BEA | ||
| 100 | _aBEAKLEY BRIAN | ||
| 245 | _aPHILOSOPHY OF MIND | ||
| 250 | _a(2nd ed.) | ||
| 260 |
_c2008 _aNew Delhi _bPrentice-Hall of India |
||
| 300 | _a1055 : p. : cm ; 24 | ||
| 365 |
_cRS _b35 |
||
| 999 |
_c13509 _d13509 |
||